[Event "It"]
[Site "masterchessopen.com Mar del Plata (Argentina)"]
[Round "0"]
[White "Steiner Heinz (AUT)"]
[Black "Carvalho Flavio"]
[Result "1-0"]
[WhiteElo "2113"]
[BlackElo "2260"]

1.d4 Nf6 2.c4 e6 3.Nc3 Bb4 4.Bg5 h6 5.Bh4 c5 6.d5 d6 7.e3 e5 8.f3 Bxc3+ 9.bxc3
Qa5 10.Qc2 Nbd7 11.e4 Nf8 12.Bf2 Bd7 13.Bd3 Ng6 14.g3 a6 15.Ne2 b5 16.O-O O-O
17.Rfb1 Rfb8 18.Be1 Ne8 19.Qd1 Nc7 20.Bd2 bxc4 21.Bxc4 Bb5 22.Qb3 Bxc4 23.Qxc4
Ne8 24.Nc1 Nf8 25.a4 Nd7 26.Qa2 Rxb1 27.Rxb1 Rb8 28.c4 Qc7 29.Nb3 Kf8 30.Kf2
Qb7 31.Ke2 Qc8 32.Na5 Rxb1 33.Qxb1 Nb8 34.Kf2 Nf6 35.Qb6 Ne8 36.Nc6 Nd7 37.Qa7
Nc7 38.Ba5 Na8 39.Bd8 g5 40.a5 Kg7 41.g4 Nf8 42.Qe7 Nd7 43.Bb6 Ndxb6 44.axb6
Nxb6 45.Nd8 {#r} 1-0

[Event "It"]
[Site "masterchessopen.com Opatija (Croatia)"]
[Round "5"]
[White "Wade Robert G (ENG)"]
[Black "Donner Jan-Hein (NED)"]
[Result "0-1"]
[WhiteElo "2148"]
[BlackElo "2430"]

1.d4 Nf6 2.c4 e6 3.Nc3 Bb4 4.Bg5 h6 5.Bh4 c5 6.d5 d6 7.f3 exd5 8.cxd5 O-O 9.e4
Nbd7 10.Qd2 Ne5 11.a3 Bxc3 12.Qxc3 Nxe4 13.Bxd8 Nxc3 14.Bc7 Nxd5 15.Bxd6 Re8
16.Kf2 b6 17.Re1 f6 18.Bxe5 Rxe5 19.Bc4 Be6 20.Rxe5 fxe5 21.Ne2 Nf4 22.Bxe6+
Nxe6 23.Nc3 Rd8 24.Ke3 Nf4 25.g3 Nd5+ 26.Nxd5 Rxd5 27.Rc1 Kf7 28.h4 Ke6 29.g4
Rd4 30.h5 c4 31.b3 b5 32.bxc4 Rxc4 33.Rb1 a6 34.Rg1 Rc3+ 35.Ke4 Rxa3 36.g5
Ra4+ 37.Ke3 Rf4 38.gxh6 gxh6 39.Ra1 Rf6 40.Ke4 Rf4+ 41.Ke3 Ra4 42.Rg1 a5
43.Rg8 Rh4 44.Rg6+ Kd5 45.Rxh6 a4 46.Kd3 Rh3 47.Rb6 Kc5 {#R} 0-1

[Event "Ch Hungary"]
[Site "masterchessopen.com Budapest (Hungary)"]
[Round "0"]
[White "Honfi Karoly (HUN)"]
[Black "Gereben Erno (SUI)"]
[Result "0-1"]
[WhiteElo "2365"]
[BlackElo "2320"]

1.d4 Nf6 2.c4 e6 3.Nc3 Bb4 4.Bg5 c5 5.d5 h6 6.Bh4 d6 7.Qc2 exd5 8.cxd5 O-O
9.Nf3 Nbd7 10.Nd2 Ne5 11.e4 Ng6 12.Bg3 Re8 13.Be2 a6 14.O-O Bxc3 15.bxc3 Nxd5
16.Nc4 Ndf4 17.Rfd1 d5 18.Bf3 b5 19.Ne3 d4 20.cxd4 cxd4 21.Nf5 d3 22.Qc3 f6
23.Qc1 Rxe4 24.Bxf4 Bxf5 25.Bxe4 Bxe4 26.Qe3 Bf5 27.g4 Nxf4 28.gxf5 Qd6
29.Rac1 Rd8 30.Rc5 Kh7 31.Kh1 Rd7 32.f3 Re7 33.Qg1 d2 34.Rc2 Qd3 35.Rdxd2
Qxf3+ 36.Rg2 Nxg2 37.Rxg2 Rd7 {#R} 0-1

[Event "Ch Ukraine"]
[Site "masterchessopen.com Kiev (Ukraine)"]
[Round "0"]
[White "Gufeld Eduard (USA)"]
[Black "Sakharov Yuri N (RUS)"]
[Result "0-1"]
[WhiteElo "2434"]
[BlackElo "2475"]

1.d4 Nf6 2.c4 e6 3.Nc3 Bb4 4.Bg5 h6 5.Bh4 c5 6.d5 d6 7.f3 exd5 8.cxd5 O-O 9.e4
Nbd7 10.Qc2 a6 11.O-O-O b5 12.f4 Bxc3 13.bxc3 Qa5 14.Nf3 Re8 15.Bxf6 Nxf6
16.e5 Nd7 17.Re1 Bb7 18.e6 Nf6 19.exf7+ Kxf7 20.Bd3 Rxe1+ 21.Rxe1 Bxd5 22.Ng5+
Kf8 23.Nh7+ Nxh7 24.Bxh7 Bf7 25.Qd2 Rd8 26.Kb1 d5 27.Qe3 Qc7 28.Qe5 Qxe5
29.Rxe5 Re8 30.Rxe8+ Bxe8 31.Bf5 Ke7 32.a3 Bd7 33.Bd3 Kd6 34.Kc2 c4 35.Bg6 Kc5
36.h4 Bg4 37.Be8 d4 {#R} 0-1

[Event "Olympiad"]
[Site "masterchessopen.com Tel Aviv (Israel)"]
[Round "8"]
[White "Mora Federico (ITA)"]
[Black "Keres Paul (EST)"]
[Result "0-1"]
[WhiteElo "2260"]
[BlackElo "2580"]

1.d4 Nf6 2.c4 e6 3.Nc3 Bb4 4.Bg5 h6 5.Bh4 c5 6.d5 d6 7.e3 e5 8.Qc2 Nbd7 9.Bd3
Bxc3+ 10.bxc3 O-O 11.Ne2 Re8 12.e4 Nf8 13.f3 Ng6 14.Bf2 Nh5 15.h4 Qf6 16.O-O-O
Bd7 17.Rdg1 Ngf4 18.g4 Nxe2+ 19.Bxe2 Nf4 20.g5 hxg5 21.hxg5 Qd8 22.g6 fxg6
23.Bd1 Kf7 24.Bg3 Nh3 25.Rg2 Rh8 26.Rf1 g5 27.f4 gxf4 28.Bxf4 Nxf4 29.Rxf4+
exf4 30.e5 Kf8 31.e6 Be8 32.Rf2 Qf6 33.Qe4 Rh4 {#R} 0-1

[Event "Ch Netherlands"]
[Site "masterchessopen.com Zierikzee (Netherlands)"]
[Round "9"]
[White "Ree Hans (NED)"]
[Black "Langeweg Kick (NED)"]
[Result "1-0"]
[WhiteElo "2379"]
[BlackElo "2309"]

1.d4 Nf6 2.c4 e6 3.Nc3 Bb4 4.Bg5 h6 5.Bh4 c5 6.d5 d6 7.e3 Bxc3+ 8.bxc3 g5
9.Bg3 e5 10.Qc2 e4 11.h4 Rg8 12.hxg5 hxg5 13.f4 gxf4 14.Bxf4 Qe7 15.Ne2 Nbd7
16.Ng3 Nf8 17.O-O-O Bd7 18.Rh6 Rg6 19.Be2 Rxh6 20.Bxh6 O-O-O 21.Rh1 N8h7
22.Bf4 Re8 23.Rh6 Kc7 24.Qd1 Rg8 25.Qh1 Nf8 26.Rxf6 Qxf6 27.Nxe4 Qg7 28.Bxd6+
Kc8 29.Bxc5 f5 30.Nd6+ Kc7 31.Kd2 Qxg2 32.Qh4 b6 33.Ba3 Qg5 34.Qh2 Qg3 35.Qh6
Ng6 36.Qh7 f4 37.Nb5+ Kd8 38.Qxg8+ Be8 39.Qe6 {#r} 1-0

[Event "It \"]
[Site "masterchessopen.com Amsterdam (Netherlands)"]
[Round "0"]
[White "Marovic Drazen (CRO)"]
[Black "Ree Hans (NED)"]
[Result "0-1"]
[WhiteElo "2445"]
[BlackElo "2379"]

1.d4 Nf6 2.c4 e6 3.Nc3 Bb4 4.Bg5 h6 5.Bh4 c5 6.d5 d6 7.e3 Bxc3+ 8.bxc3 e5
9.Qc2 g5 10.Bg3 e4 11.h4 Rg8 12.hxg5 hxg5 13.f4 gxf4 14.Bxf4 Qe7 15.Nh3 Nbd7
16.Nf2 Nf8 17.O-O-O Bf5 18.g3 O-O-O 19.Be2 Ng6 20.Bg5 Ne5 21.Bh4 Ng6 22.Bxf6
Qxf6 23.g4 Bd7 24.Nxe4 Qe7 25.Rhf1 Rge8 26.Nf6 Qxe3+ 27.Rd2 Re7 28.Kd1 Rh8
29.Nxd7 Kxd7 30.Qa4+ Kc7 31.Qa5+ Kb8 32.Rb2 Nf4 33.Rxf4 Qxf4 34.Rd2 b6 35.Qa4
Rh2 {#R} 0-1

[Event "It"]
[Site "masterchessopen.com Moscow (Russia)"]
[Round "0"]
[White "Bagirov Vladimir (LAT)"]
[Black "Zinser Sylvain (FRA)"]
[Result "1-0"]
[WhiteElo "2482"]
[BlackElo "2295"]

1.d4 Nf6 2.c4 e6 3.Nc3 Bb4 4.Bg5 h6 5.Bh4 c5 6.d5 d6 7.f3 Bxc3+ 8.bxc3 e5 9.e4
Nbd7 10.Bd3 Nf8 11.Ne2 Ng6 12.Bf2 Nh5 13.g3 Bh3 14.Nc1 Qa5 15.Kd2 Bd7 16.f4
Nf6 17.f5 Ne7 18.a4 h5 19.h3 O-O-O 20.Be3 Rh7 21.Nb3 Qa6 22.Qe2 Kb8 23.a5 Ka8
24.Rhb1 Bc8 25.Nxc5 dxc5 26.Bxc5 Nc6 27.Ke1 Nd7 28.Bb6 axb6 29.axb6 Ncb8
30.Qf2 Rh6 31.c5 Rf6 32.Bb5 g6 33.c6 bxc6 34.dxc6 Rxc6 35.Bxc6+ Nxc6 36.Qb2
Na5 37.b7+ Bxb7 38.Rxa5 Rb8 39.Qb5 Ka7 40.Rba1 {#r} 1-0

[Event "It"]
[Site "masterchessopen.com Solingen (Germany)"]
[Round "1"]
[White "Lehmann Heinz G (GER)"]
[Black "Tatai Stefano (ITA)"]
[Result "0-1"]
[WhiteElo "2285"]
[BlackElo "2367"]

1.c4 Nf6 2.Nc3 e6 3.d4 Bb4 4.Bg5 h6 5.Bh4 c5 6.d5 d6 7.e3 g5 8.Bg3 Ne4 9.Ne2
e5 10.a3 Bxc3+ 11.Nxc3 Nxc3 12.bxc3 Bf5 13.h4 Qf6 14.Bd3 Bxd3 15.Qxd3 Nd7
16.Rb1 O-O-O 17.Qc2 Nf8 18.Ke2 Ng6 19.h5 Ne7 20.Qa4 Qf5 21.Rb2 Kb8 22.Rhb1 Qc8
23.Qa6 Rd7 24.Rb5 Ka8 25.Qa4 Rhd8 26.Qc2 Rc7 27.f3 Qf5 28.Qb3 Qd7 29.Bf2 f5
30.Qc2 Qe8 31.Qb3 Rdd7 32.Rh1 Ng8 33.Qc2 Rf7 34.Rbb1 Rce7 35.Kd2 e4 36.Rhe1
Re5 37.Kc1 exf3 38.gxf3 Rfe7 39.Qd3 Nf6 40.Qd1 b5 41.f4 Re4 42.fxg5 hxg5
43.Qf3 f4 44.Qd1 fxe3 45.Bg3 Rxc4 46.Qf3 Rxc3+ 47.Kb2 Ne4 48.Bxd6 Qh8 49.Bxe7
Rc2+ {#R} 0-1

[Event "Ch \"]
[Site "masterchessopen.com Kiev (Ukraine)"]
[Round "11"]
[White "Kliukin Boris P (RUS)"]
[Black "Beliavsky Alexander G (SLO)"]
[Result "1-0"]
[WhiteElo "2366"]
[BlackElo "2616"]

1.d4 Nf6 2.c4 e6 3.Nc3 Bb4 4.Bg5 c5 5.d5 h6 6.Bh4 d6 7.e3 exd5 8.cxd5 Nbd7
9.Bd3 Qa5 10.Ne2 Nxd5 11.O-O Nxc3 12.Nxc3 Bxc3 13.bxc3 Qxc3 14.Be2 O-O 15.Be7
Re8 16.Qxd6 Qb2 17.Rfe1 a6 18.a4 Qb4 19.Bf3 a5 20.Qc7 Ra6 21.Red1 Re6 22.Bd8
Qb6 23.Qxd7 {#r} 1-0

[Event "Ch \"]
[Site "masterchessopen.com Kiev (Ukraine)"]
[Round "4"]
[White "Kliukin Boris P (RUS)"]
[Black "Lazarev Efim M (UKR)"]
[Result "1-0"]
[WhiteElo "2366"]
[BlackElo "2428"]

1.d4 Nf6 2.c4 e6 3.Nc3 Bb4 4.Bg5 h6 5.Bh4 c5 6.d5 d6 7.e3 Bxc3+ 8.bxc3 g5
9.Bg3 e5 10.Qc2 Nbd7 11.Nf3 Nh5 12.Bd3 Ndf6 13.Nd2 Ng4 14.Nf1 Qa5 15.f3 Nxg3
16.hxg3 Nf6 17.g4 Bd7 18.a4 O-O-O 19.Ng3 Kb8 20.Kf2 Rdf8 21.Bf5 Be8 22.Qb3 Ka8
23.Rab1 Qc7 24.a5 Bd7 25.Bxd7 Qxd7 26.Nf5 Rb8 27.Nxh6 e4 28.Nf5 exf3 29.gxf3
Qd8 30.Rxh8 Qxh8 31.Kg2 Qd8 32.Qb5 a6 33.Qb6 Qe8 34.Qxd6 Nxg4 35.Rb6 Rd8
36.Qc7 Rd7 37.Qxc5 Ne5 38.Qd4 Rc7 39.c5 Nd7 40.c6 {#r} 1-0

[Event "?"]
[Site "masterchessopen.com Varna (Bulgaria)"]
[Round "0"]
[White "Krogius Nikolai V (RUS)"]
[Black "Bobotsov Milko G (BUL)"]
[Result "1-0"]
[WhiteElo "2485"]
[BlackElo "2405"]

1.d4 Nf6 2.c4 e6 3.Nc3 Bb4 4.Bg5 c5 5.d5 h6 6.Bh4 d6 7.e3 Bxc3+ 8.bxc3 e5 9.f4
exf4 10.exf4 Bf5 11.Bd3 Bxd3 12.Qxd3 O-O 13.Ne2 Nbd7 14.O-O Re8 15.Ng3 Qe7
16.Nf5 Qf8 17.Qh3 Re4 18.Rf3 Rae8 19.Bxf6 Nxf6 20.Rg3 g6 21.Nxh6+ Kg7 22.Nf5+
Kg8 23.Qh4 Re1+ 24.Rxe1 Rxe1+ 25.Kf2 Qe8 26.Ne3 Rb1 27.Qxf6 Qe4 28.Rf3 {#r}
1-0

[Event "Ch Europe (team)"]
[Site "masterchessopen.com Kapfenberg (Austria)"]
[Round "0"]
[White "Merino Mejuto Domingo (ESP)"]
[Black "Forintos Gyozo V (HUN)"]
[Result "0-1"]
[WhiteElo "2266"]
[BlackElo "2317"]

1.d4 Nf6 2.c4 e6 3.Nc3 Bb4 4.Bg5 h6 5.Bh4 c5 6.d5 d6 7.e3 O-O 8.Bd3 exd5
9.cxd5 Nbd7 10.Ne2 Ne5 11.O-O Ng6 12.Bg3 Nh5 13.Bxg6 fxg6 14.Qd3 g5 15.f3 Qe7
16.e4 Bd7 17.a3 Ba5 18.a4 a6 19.Be1 Rae8 20.Bd2 Bb6 21.Qc4 Bd8 22.Rae1 Ba5
23.Qb3 b5 24.axb5 axb5 25.Nb1 Bb6 26.Qc2 g4 27.fxg4 c4+ 28.Kh1 Bxg4 29.Nf4 Qh4
30.Nxh5 Bxh5 31.Bb4 Bf2 32.Rc1 Rf4 33.Qc3 Ref8 34.Nd2 R8f6 35.Ra1 Be2 36.e5
dxe5 37.Be7 Bxf1 38.Rxf1 Bg3 {#R} 0-1

[Event "Olympiad"]
[Site "masterchessopen.com Siegen (Germany)"]
[Round "10"]
[White "Toran Albero Roman (ESP)"]
[Black "Liebert Heinz (GER)"]
[Result "1-0"]
[WhiteElo "2445"]
[BlackElo "2247"]

1.d4 Nf6 2.c4 e6 3.Nc3 Bb4 4.Bg5 h6 5.Bh4 c5 6.d5 d6 7.e3 Bxc3+ 8.bxc3 e5 9.f4
Qe7 10.Bxf6 Qxf6 11.Qd2 exf4 12.exf4 O-O 13.Bd3 Bg4 14.Ne2 Bxe2 15.Bxe2 Nd7
16.O-O Rfe8 17.Bd3 Re7 18.Rf3 Rae8 19.Raf1 Nb6 20.g4 Qh4 21.Rg3 Nd7 22.g5 hxg5
23.fxg5 Ne5 24.Rf4 Qh5 25.Be2 Qg6 26.Rf2 Qe4 27.Rf4 Qb1+ 28.Rf1 Qb6 29.h4 Qa6
30.h5 Nxc4 31.Qf4 b5 32.h6 Qb7 33.hxg7 Re3 34.Bf3 Qe7 35.Rh3 Qe5 36.Qf6 {#r}
1-0

[Event "Tournament"]
[Site "masterchessopen.com Oberursel (Germany)"]
[Round "0"]
[White "Kunsztowicz Uwe (GER)"]
[Black "Suess Alois (GER)"]
[Result "1-0"]
[WhiteElo "2315"]
[BlackElo "2330"]

1.d4 Nf6 2.c4 e6 3.Nc3 Bb4 4.Bg5 h6 5.Bh4 c5 6.d5 d6 7.Rc1 e5 8.e3 Bf5 9.Bd3
Bxd3 10.Qxd3 Nbd7 11.Ne2 O-O 12.O-O Bxc3 13.Nxc3 Re8 14.f4 e4 15.Qc2 a6 16.a4
Rb8 17.Rcd1 Qb6 18.h3 Qd8 19.g4 Nf8 20.Qg2 Ng6 21.Be1 Nd7 22.Qg3 f5 23.Rd2 Qf6
24.Rg2 Ne7 25.Ne2 b5 26.g5 hxg5 27.fxg5 Qe5 28.Qh4 Ng6 29.Qh5 Ndf8 30.Bc3 Qe7
31.axb5 axb5 32.cxb5 Qf7 33.Rgf2 Ne7 34.g6 Nfxg6 35.Rxf5 Nxf5 36.Rxf5 Qd7
37.Qxg6 Rf8 38.Ng3 Ra8 39.Rxf8+ Rxf8 40.Nh5 Qf7 41.Nf6+ {#r} 1-0

[Event "Europe Tournament (corr.)"]
[Site "masterchessopen.com corr."]
[Round "0"]
[White "Kahn Manfred (GER)"]
[Black "Sloth Jorn (DEN)"]
[Result "0-1"]
[WhiteElo "2139"]
[BlackElo "2328"]

1.d4 Nf6 2.c4 e6 3.Nc3 Bb4 4.Bg5 h6 5.Bh4 c5 6.d5 d6 7.e3 Bxc3+ 8.bxc3 e5
9.Nf3 Bf5 10.Qb3 b6 11.Nd2 g5 12.Bg3 h5 13.f3 h4 14.Bf2 e4 15.Be2 Qe7 16.h3
Nbd7 17.Bd1 exf3 18.gxf3 Nh5 19.Bc2 Ng3 20.Bxg3 hxg3 21.Ke2 g2 22.Bxf5 gxh1=Q
23.Rxh1 Nf6 24.Rg1 Kf8 25.Qc2 Re8 26.Ne4 Qe5 27.Rxg5 Nxe4 28.fxe4 Rxh3 29.Kd3
Qf4 30.Bxh3 Qxe4+ {#R} 0-1

[Event "It"]
[Site "masterchessopen.com Decin (Czech Republic)"]
[Date "1973.06.25"]
[Round "2"]
[White "Vokralova Stepanka"]
[Black "Braun Gottfried Dr (GER)"]
[Result "0-1"]
[WhiteElo "2200"]
[BlackElo "2260"]

1.d4 Nf6 2.c4 e6 3.Nc3 Bb4 4.Bg5 h6 5.Bh4 c5 6.d5 d6 7.e3 Bxc3+ 8.bxc3 e5
9.Qc2 Nbd7 10.Bd3 O-O 11.Nf3 Re8 12.Nd2 g5 13.Bg3 Nh5 14.f3 Nf4 15.Bh7+ Kg7
16.Kf2 Ng6 17.Bxg6 fxg6 18.h4 Nf6 19.hxg5 hxg5 20.Rab1 b6 21.e4 Nh5 22.Nf1 Bd7
23.Qd2 Rh8 24.Bh2 g4 25.Bg3 gxf3 26.gxf3 Qf6 27.Bh4 Qf7 28.Bg5 Raf8 29.Qe3 Nf4
30.Nd2 Nh3+ 31.Ke2 Rh5 32.Rbf1 Rxg5 33.Rxh3 Rg2+ 34.Ke1 Bxh3 35.Rh1 Rh8 {#R}
0-1

[Event "Olympiad"]
[Site "masterchessopen.com Nice (France)"]
[Round "0"]
[White "Cooper John G (WLS)"]
[Black "Parma Bruno (SLO)"]
[Result "0-1"]
[WhiteElo "2215"]
[BlackElo "2510"]

1.d4 Nf6 2.c4 e6 3.Nc3 Bb4 4.Bg5 h6 5.Bh4 c5 6.d5 d6 7.e3 O-O 8.Bd3 exd5
9.cxd5 Nbd7 10.Ne2 Ne5 11.O-O Ng6 12.Bg3 Nh5 13.Qc2 Nxg3 14.Nxg3 Ne5 15.Bf5
Bxf5 16.Nxf5 Qd7 17.Ne2 h5 18.h3 g6 19.f4 Nc4 20.Nh6+ Kg7 21.Qxc4 Kxh6 22.f5
Qe7 23.Rf3 Rfe8 24.fxg6 fxg6 25.Nf4 Qe4 26.Qe2 Re5 27.Raf1 Rf8 28.g4 c4
29.gxh5 Bc5 30.Nxg6 Rxf3 31.Rxf3 Rxd5 32.Nf4 Rg5+ 33.Kf2 d5 34.Rg3 Qxf4+ {#R}
0-1

[Event "It"]
[Site "masterchessopen.com Mannheim (Germany)"]
[Round "4"]
[White "Reichenbach Werner (GER)"]
[Black "Parma Bruno (SLO)"]
[Result "0-1"]
[WhiteElo "2310"]
[BlackElo "2510"]

1.d4 Nf6 2.c4 e6 3.Nc3 Bb4 4.Bg5 c5 5.d5 h6 6.Bh4 d6 7.e3 Bxc3+ 8.bxc3 e5
9.Qc2 g5 10.Bg3 e4 11.h4 Rg8 12.hxg5 hxg5 13.Qa4+ Kf8 14.Rb1 Kg7 15.Ne2 Qe7
16.Kd2 Nbd7 17.Nc1 Ne5 18.Be2 Re8 19.Nb3 Bd7 20.Qa3 Bg4 21.Bf1 b6 22.Kc2 Nh5
23.Bh2 Rh8 24.Nd2 Nf6 25.f3 exf3 26.Bxe5 Rxh1 27.Bxf6+ Qxf6 28.gxf3 Bxf3 {#R}
0-1

[Event "Olympiad"]
[Site "masterchessopen.com Haifa (Israel)"]
[Round "5"]
[White "Williams Arthur H (WLS)"]
[Black "Ricetto Alvaro (URU)"]
[Result "1-0"]
[WhiteElo "2353"]
[BlackElo "2230"]

1.d4 Nf6 2.c4 e6 3.Nc3 Bb4 4.Bg5 h6 5.Bh4 c5 6.d5 d6 7.e3 e5 8.Ne2 Bf5 9.a3
Bxc3+ 10.Nxc3 Nbd7 11.Be2 Qb6 12.O-O O-O 13.f3 a6 14.Qd2 Bg6 15.Rae1 Rae8
16.Bd1 Qa5 17.f4 b5 18.f5 Bh7 19.e4 Rb8 20.g4 b4 21.Nb1 Qb6 22.a4 b3 23.Nc3
Kh8 24.Kh1 Ng8 25.g5 hxg5 26.Qxg5 f6 27.Qh5 Qd8 28.Rg1 Qe8 29.Rg6 Nh6 30.Rgg1
Qxh5 31.Bxh5 Nb6 32.Be2 Rf7 33.Bf2 Na8 34.Be3 Rb4 35.a5 Rbb7 36.Bd2 Rf8 37.Nb1
Nc7 38.Bc3 Ne8 39.Nd2 Bxf5 40.exf5 Nxf5 41.Ne4 {#r} 1-0

[Event "It"]
[Site "masterchessopen.com Budapest (Hungary)"]
[Round "0"]
[White "Knaak Rainer (GER)"]
[Black "Lukacs Peter (HUN)"]
[Result "1-0"]
[WhiteElo "2500"]
[BlackElo "2450"]

1.d4 Nf6 2.c4 e6 3.Nc3 Bb4 4.Bg5 h6 5.Bh4 c5 6.d5 d6 7.e3 Bxc3+ 8.bxc3 e5 9.f3
g5 10.Bg3 Qa5 11.Qc2 Nbd7 12.Rb1 a6 13.Be2 b5 14.f4 bxc4 15.fxe5 Nxe5 16.Bxe5
dxe5 17.Bxc4 Ng4 18.Ke2 Qc7 19.Nf3 Nf6 20.Rhf1 e4 21.Nd2 Qe5 22.Rb6 Nd7 23.Rc6
Bb7 24.Nxe4 Bxc6 25.dxc6 Nb6 26.Nf6+ Kd8 27.Qd3+ Kc7 28.Ng4 Qe8 29.Rxf7+ Kxc6
30.Qg6+ {#r} 1-0

[Event "It (open)"]
[Site "masterchessopen.com Lone Pine (USA)"]
[Round "0"]
[White "Bohm Hans (NED)"]
[Black "Panno Oscar (ARG)"]
[Result "0-1"]
[WhiteElo "2410"]
[BlackElo "2580"]

1.d4 Nf6 2.c4 e6 3.Nc3 Bb4 4.Bg5 h6 5.Bh4 c5 6.d5 d6 7.e3 Bxc3+ 8.bxc3 e5 9.f3
Bf5 10.Qb3 b6 11.g4 Bc8 12.h3 Nbd7 13.a4 Qe7 14.Rh2 a5 15.Ne2 Kd8 16.Ng3 Kc7
17.Nf5 Qf8 18.Qb5 Bb7 19.Rb1 Ra6 20.Bd3 g6 21.Bxf6 Nxf6 22.Ng3 h5 23.Rbb2 Qd8
24.Kd1 Kb8 25.Rbg2 Bc8 26.Nf1 Ra7 27.g5 e4 28.fxe4 Nd7 29.Nd2 Ne5 30.Bc2 f6
31.gxf6 Rf8 32.Rf2 Raf7 33.Nf3 Bd7 34.Nxe5 Bxb5 35.Nxf7 Rxf7 36.cxb5 Rxf6
37.Ke2 Kc7 38.e5 dxe5 39.Be4 Rxf2+ 40.Rxf2 Qh4 41.Bxg6 Qc4+ 42.Bd3 Qxd5 43.c4
Qe6 44.Kd2 e4 45.Be2 h4 46.Rf4 Qxh3 47.Rxe4 Qg3 {#R} 0-1

[Event "It"]
[Site "masterchessopen.com Bonn (Germany)"]
[Round "9"]
[White "Bohm Hans (NED)"]
[Black "Gerusel Mathias (GER)"]
[Result "0-1"]
[WhiteElo "2410"]
[BlackElo "2425"]

1.d4 Nf6 2.c4 e6 3.Nc3 Bb4 4.Bg5 h6 5.Bh4 c5 6.d5 d6 7.e3 Bxc3+ 8.bxc3 e5 9.f3
Nbd7 10.Qc2 Qe7 11.Bd3 g5 12.Bg3 h5 13.h3 h4 14.Bh2 Nh5 15.Ne2 Ndf6 16.Rb1 Ng7
17.O-O O-O 18.Rb2 Nfh5 19.a4 f5 20.a5 Rb8 21.Qb1 Rf7 22.Bc2 Qd8 23.Qa1 Rf6
24.Ra2 g4 25.fxg4 fxg4 26.hxg4 Bxg4 27.Bd3 Qe7 28.Rxf6 Qxf6 29.Qe1 Rf8 30.Nc1
Qg5 31.Be4 Bf5 32.Bf3 Ng3 33.Rf2 Bg6 34.Nb3 e4 35.Bd1 N7f5 36.Nd2 Nxe3
37.Rxf8+ Kxf8 38.Bxg3 hxg3 39.Nf1 Nxf1 40.Qxf1+ Ke7 41.Qe1 Qh4 {#R} 0-1

[Event "It"]
[Site "masterchessopen.com Lone Pine (USA)"]
[Round "0"]
[White "Root Douglas (USA)"]
[Black "Browne Walter S (USA)"]
[Result "0-1"]
[WhiteElo "2360"]
[BlackElo "2540"]

1.d4 Nf6 2.c4 e6 3.Nc3 Bb4 4.Bg5 h6 5.Bh4 c5 6.d5 d6 7.Qa4+ Nbd7 8.dxe6 Bxc3+
9.bxc3 fxe6 10.Rd1 Qe7 11.Nf3 O-O 12.e3 e5 13.Nd2 e4 14.Qc2 b6 15.Be2 Bb7
16.O-O Rad8 17.f3 exf3 18.Bxf3 Bxf3 19.Nxf3 Qxe3+ 20.Kh1 Qe6 21.Rfe1 Qxc4
22.Rxd6 Rde8 23.Red1 Rf7 24.h3 Re2 25.Qg6 Qe4 26.Qg3 Qf5 27.Bxf6 Nxf6 28.Rd8+
Re8 29.Rxe8+ Nxe8 30.Rd8 Re7 31.a4 Kh7 32.a5 bxa5 33.Qh4 Re3 34.Qa4 Nf6
35.Qxa5 Rxf3 36.gxf3 Qxh3+ 37.Kg1 Qg3+ 38.Kf1 Qxf3+ 39.Ke1 Ne4 40.Qxa7 Qf2+
41.Kd1 Nxc3+ 42.Kc1 Ne2+ 43.Kb1 Qf5+ 44.Ka2 Qc2+ 45.Ka3 Qc3+ 46.Ka2 Qc2+
47.Ka3 Qc3+ 48.Ka2 Nc1+ 49.Kb1 Nd3 {#R} 0-1

[Event "It"]
[Site "masterchessopen.com Leningrad (Russia)"]
[Round "0"]
[White "Yuneev Alexey (RUS)"]
[Black "Ivanov Alexander (USA)"]
[Result "0-1"]
[WhiteElo "2425"]
[BlackElo "2523"]

1.d4 Nf6 2.c4 e6 3.Nc3 Bb4 4.Bg5 h6 5.Bh4 c5 6.d5 d6 7.e3 Bxc3+ 8.bxc3 e5
9.Bd3 e4 10.Bc2 Nbd7 11.f4 Nb6 12.Ba4+ Bd7 13.Bxd7+ Qxd7 14.Qb3 Ng4 15.Kd2 g5
16.Bg3 gxf4 17.exf4 O-O-O 18.h3 e3+ 19.Ke2 Rdg8 20.Bh4 Qf5 21.Rf1 Ne5 {#R} 0-1

[Event "It (open) \"]
[Site "masterchessopen.com London (England)"]
[Date "1983.08.24"]
[Round "1"]
[White "Keene Raymond D (ENG)"]
[Black "MacDonald David R (ENG)"]
[Result "1-0"]
[WhiteElo "2490"]
[BlackElo "2275"]

1.d4 e6 2.c4 Bb4+ 3.Nc3 c5 4.d5 Nf6 5.Bg5 h6 6.Bh4 d6 7.e3 Bxc3+ 8.bxc3 e5
9.Qc2 Nbd7 10.Bd3 Qe7 11.f3 Nf8 12.Ne2 Rg8 13.Bf2 Kd8 14.Ng3 g6 15.O-O-O Kc7
16.Kb2 h5 17.h4 Bd7 18.Ka1 Qe8 19.Qb2 Ba4 20.Rb1 b6 21.e4 N8h7 22.Be3 Qe7
23.Ne2 Bd7 24.Qa3 Rgb8 25.Rb2 Qe8 26.Nc1 Qe7 27.Nb3 Nf8 28.Rhb1 Bc8 29.Na5 Bb7
30.Nxb7 Rxb7 31.Bc2 a6 32.Ba4 Rbb8 33.Bc6 Ra7 34.Bg5 a5 35.Ba4 N8h7 36.Be3 Nd7
37.g3 Ndf6 38.Qb3 Ra6 39.Qb5 {#r} 1-0

[Event "It (cat.8)"]
[Site "masterchessopen.com Naleczow (Poland)"]
[Round "0"]
[White "Yuferov Sergey N (RUS)"]
[Black "Gavrikov Viktor (LTU)"]
[Result "0-1"]
[WhiteElo "2430"]
[BlackElo "2505"]

1.d4 Nf6 2.c4 e6 3.Nc3 Bb4 4.Bg5 h6 5.Bh4 c5 6.d5 d6 7.e3 Bxc3+ 8.bxc3 e5
9.Qc2 Nbd7 10.Nf3 Qe7 11.Nd2 e4 12.Be2 O-O 13.a4 Re8 14.Ra2 g5 15.Bg3 Nf8
16.h4 Ng6 17.hxg5 hxg5 18.Rb2 Rb8 19.Qb1 Bg4 20.Nf1 Bxe2 21.Kxe2 Ng4 22.Rh5
Kg7 23.Nh2 Nh6 24.Qh1 Rh8 25.Nf1 f5 26.Qh2 Nf7 27.Rxh8 Rxh8 28.Qg1 f4 29.Bh2
b6 30.f3 Nfe5 31.Nd2 exf3+ 32.gxf3 Nxc4 33.Ra2 g4 {#R} 0-1

[Event "?"]
[Site "masterchessopen.com Belgrade (Yugoslavia)"]
[Round "0"]
[White "Rajkovic Dusan (SRB)"]
[Black "Mokry Karel (CZE)"]
[Result "1-0"]
[WhiteElo "2415"]
[BlackElo "2455"]

1.d4 Nf6 2.c4 e6 3.Nc3 Bb4 4.Bg5 h6 5.Bh4 c5 6.d5 d6 7.f3 Bxc3+ 8.bxc3 e5 9.e4
Nbd7 10.Bd3 Nf8 11.Ne2 Ng6 12.Bf2 Nh5 13.g3 Bh3 14.Nc1 Qa5 15.Kd2 O-O-O 16.a4
Nf6 17.Nb3 Qc7 18.a5 a6 19.Bf1 Bd7 20.h4 h5 21.Bd3 Rhf8 22.Qg1 Kb8 23.Nxc5
dxc5 24.Bxc5 Bc8 25.Bb6 Qe7 26.Qe3 Nd7 27.c5 Qf6 28.Rhb1 Ka8 29.Rb4 Ne7 30.Bc7
Qh6 31.Bd6 Qxe3+ 32.Kxe3 Rfe8 33.Rab1 Nf6 34.c4 Ng6 35.Bc2 Rh8 36.Ba4 Ne8
37.Bxe8 Rhxe8 38.c6 Rxd6 39.cxb7+ Bxb7 40.Rxb7 Ne7 41.c5 Nxd5+ 42.exd5 Rxd5
43.c6 Rxa5 44.Rxf7 Rc5 45.Rb6 Ra5 46.Rbb7 {#r} 1-0

[Event "Ch URS (1 liga)"]
[Site "masterchessopen.com Minsk (Belarus)"]
[Round "0"]
[White "Gulko Boris F (USA)"]
[Black "Kengis Edvins (LAT)"]
[Result "1-0"]
[WhiteElo "2490"]
[BlackElo "2430"]

1.d4 Nf6 2.c4 e6 3.Nc3 Bb4 4.Bg5 h6 5.Bh4 c5 6.d5 d6 7.e3 Bxc3+ 8.bxc3 e5
9.Bd3 Nbd7 10.f4 Qa5 11.Ne2 e4 12.Bc2 b5 13.cxb5 a6 14.O-O axb5 15.a4 b4
16.Ng3 b3 17.Bxb3 Qxc3 18.Nf5 O-O 19.Rc1 Qd3 20.Qxd3 exd3 21.Nxd6 Ba6 22.Rfd1
c4 23.Bxc4 Bxc4 24.Bxf6 Nxf6 25.Rxc4 Rfd8 26.Nf5 g6 27.Nd4 Nxd5 28.Rxd3 Nb6
29.Rc6 Nxa4 30.Rb3 Rac8 31.Kf1 Rxc6 32.Nxc6 Rd2 33.Ne5 Nc5 34.Rc3 Ne4 35.Rc8+
Kg7 36.Rc7 Rf2+ 37.Kg1 Re2 38.Rxf7+ Kg8 39.h4 g5 40.fxg5 hxg5 41.h5 Rxe3 42.h6
Re1+ 43.Kh2 Nf6 {#r} 1-0

[Event "corr."]
[Site "masterchessopen.com Germany"]
[Round "0"]
[White "Reinke Kurt (GER)"]
[Black "Hecht Hans-Joachim (GER)"]
[Result "1-0"]
[WhiteElo "1940"]
[BlackElo "2455"]

1.d4 Nf6 2.c4 e6 3.Nc3 Bb4 4.Bg5 h6 5.Bh4 c5 6.d5 d6 7.e3 Bxc3+ 8.bxc3 e5
9.Qc2 Qe7 10.Nf3 Nbd7 11.Nd2 e4 12.Be2 g5 13.Bg3 Nf8 14.O-O-O Ng6 15.h4 Bd7
16.h5 Nf8 17.Qb3 b6 18.f3 exf3 19.gxf3 N8h7 20.Bd3 O-O-O 21.Qb1 Nf8 22.Rde1
Ne8 23.Qc2 f6 24.a4 Ng7 25.a5 Be8 26.Kb2 Nxh5 27.Bh2 Nd7 28.Ra1 Kb8 29.Ne4 Ne5
30.axb6 Qb7 31.Ra3 {#r} 1-0